| 000 | 01241nam a2200301Ia 4500 | ||
|---|---|---|---|
| 001 | ebr5000565 | ||
| 003 | CaPaEBR | ||
| 006 | m u | ||
| 007 | cr cn||||||||| | ||
| 008 | 100921s2001 inu s 000 0 eng d | ||
| 040 |
_aCaPaEBR _cCaPaEBR |
||
| 035 | _a(OCoLC)680629191 | ||
| 050 | 1 | 4 |
_aQL41 _b.A75 2001eb |
| 100 | 0 | _aAristotle. | |
| 240 | 1 | 0 |
_aDe partibus animalium. _lEnglish |
| 245 | 1 | 0 |
_aOn the generation of animals _h[electronic resource] : _b305 BC / _cby Aristotle ; translated by Arthur Platt. |
| 260 |
_a[South Bend, IN] : _bInfomotions, Inc. ; _a[Blacksburg, VA] : _bVirginia Tech., _c2001. |
||
| 300 | _a107 p. | ||
| 533 |
_aElectronic reproduction. _bPalo Alto, Calif. : _cebrary, _d2010. _nAvailable via World Wide Web. _nAccess may be limited to ebrary affiliated libraries. |
||
| 650 | 0 |
_aZoology _vPre-Linnean works. |
|
| 650 | 0 |
_aReproduction _vEarly works to 1800. |
|
| 655 | 7 |
_aElectronic books. _2local |
|
| 700 | 1 |
_aPlatt, Arthur, _d1860-1925. |
|
| 710 | 2 | _aVirginia Polytechnic Institute and State University. | |
| 710 | 2 | _aInfomotions, Inc. | |
| 710 | 2 | _aebrary, Inc. | |
| 856 | 4 | 0 |
_uhttp://site.ebrary.com/lib/rucke/Doc?id=5000565 _zAn electronic book accessible through the World Wide Web; click to view |
| 999 |
_c2880 _d2880 |
||